MDQL
is popping MORE tags! Check the
thread
!
Quizzes
Events
Quiz Creation
Community
Videos
Private Events
Remove Ads
Sign In
Join for FREE
Feedback
Dark Mode
Quiz Categories
Sports
Geography
Music
Movies
Television
Just For Fun
Miscellaneous
History
Literature
Language
Science
Gaming
Entertainment
Religion
Holiday
For Kids
Quiz Lab
Recent
Popular Today
Quiz Kudos Today
Editor Picks
Curator Picks
Quizzes by...
Day
Popularity
Type
Ratings
Length
Year
Community
Subscriptions
Recent Discussions
Orange Saloon
Badges
Playlists
Quests
Create
Leaderboards
Showdown
Live 5
Trivia Bingo
Activity
Puzzle Library
Sporcle Events
Private Events
Virtual Trivia
Globe League
Become a Host
Pub Owners
SporcleCon
Opinionation
Our Games
Videos
Blog
Mobile Apps
Partnerships
Remove Ads and Go Orange
Feedback
Sports
Athletes
MLB
NBA
NHL
NFL
Soccer
Sports Teams
WWE
NCAA
Football
Premier League
Basketball
Baseball
Hockey
Golf
Tennis
Cricket
Rugby
Auto Racing
Olympics
World Cup
Sports
Athletes
MLB
NBA
NHL
NFL
Soccer
Sports Teams
WWE
NCAA
Football
Premier League
Basketball
Baseball
Hockey
Golf
Tennis
Cricket
Rugby
Auto Racing
Olympics
World Cup
Random Quiz
Search Sporcle
×
Quiz Lab
Quiz Lab
Sports
Tennis
Type in answers that appear in a list
Type in answers that appear in a list
Classic
Best Score? Go Orange.
Rafael Nadal 5 sets matches opponents Stats
Can you name the Rafael Nadal 5 sets matches opponents?
By
MaxLanders
3m
23 Questions
421 Plays
421 Plays
421 Plays
Comments
Comments
Give Quiz Kudos
Give Quiz Kudos
-
- Ratings
hide this ad
Replay
Link that replays current quiz
Next Quiz
Link to next quiz in quiz playlist
You Got
0%
They Got
Avg Score
66%
Avg Friend Score
Upgrade to see
Score Distribution
Jump to the score distribution portion of the page
Score
0/23
Timer
03:00
0
Plays Today
Tournament
Opponent
% Correct
Miami 2005 (Final /
L)
Roger Federer
99%
Roma 2006 (Final /
W)
Roger Federer
99%
Wimbledon 2007 (Final /
L)
Roger Federer
99%
Wimbledon 2008 (Final /
W)
Roger Federer
99%
Australian Open 2009 (Final /
W)
Roger Federer
99%
Australian Open 2012 (Final /
L)
Novak Djokovic
96.4%
Roland Garros 2013 (Semi finals /
W)
Novak Djokovic
96.4%
Australian Open 2007 (Round of 16 /
W)
Andy Murray
86.9%
Roland Garros 2011 (Round of 128 /
W)
John Isner
80.5%
Australian Open 2009 (Semi finals /
W)
Fernando Verdasco
78.9%
US Open 2015 (Round of 32 /
L)
Fabio Fognini
76.7%
Wimbledon 2007 (Round of 32 /
W)
Robin Soderling
72.9%
Tournament
Opponent
% Correct
Australian Open 2005 (Round of 16 /
L)
Lleyton Hewitt
71.5%
Wimbledon 2012 (Round of 64 /
L)
Lukas Rosol
61.3%
Roma 2005 (Final /
W)
Guillermo Coria
53.9%
Australian Open 2004 (Round of 64 /
W)
Mikhail Youzhny
50.6%
Wimbledon 2007 (Round of 16 /
W)
Milkhail Youzhny
48.7%
Madrid 2005 F (Final /
W)
Ivan Ljubicic
47.5%
Wimbledon 2010 (Round of 64 /
W)
Robin Haase
46.3%
Australian Open 2015 (Round of 64 /
W)
Tim Smyczek
20.4%
Wimbledon 2010 (Round of 32 /
W)
Philipp Petzschner
15.7%
Wimbledon 2006 (Round of 64 /
W)
Robert Kendrick
13.3%
US Open 2004 (Round of 128 /
W)
Ivo Heuberger
5%
Quiz Playlist
Details
Report
Send in Message
Add To Playlist
Classic:
Type in answers that appear in a list
Last Updated: Feb 16, 2017
Quiz Scoreboard
CHALLENGE
Sign Up to Join the Scoreboard
Show All
Scores
Hide
Comments
May contain spoilers
Recently Published
Holiday 10x10 Sorting Gallery
by lukepisani3
Holiday
15m
Two Season TV Shows II
by 123Four
Television
10m
Image Sorting: Flags VI
by Barbecue
Geography
2m
More to Explore
Quiz From the Vault
Featured Blog Post
14 Easter Pick-up Lines to Find Eggs With
hide this ad
You Might Also Like...
Tags
Tennis Quiz
Australian Open
nadal
opponent
Roland Garros
set
US Open
Wimbledon
Today's Top Quizzes in Sports
Browse Sports
hide this ad
Today's Top Quizzes in Tennis
Browse Tennis
Top Contributed Quizzes in Sports
1
Les meilleurs buteurs des matchs entre le PSG et l’OM
2
Les entraîneurs de l'OM et du PSG au 21e siècle
3
2022 World Cup Stars
4
Les joueurs passés par le PSG et l'OM
5
Players with Multiple 50 Home Run Seasons
6
FIFA Club World Cup Champions
7
Criteria MLB: Left Handed Sluggers
8
Les joueurs passés par le LOSC et le RC Lens
9
Top 10 NHL Goal Scorers of All Time
10
NBA Logic Puzzle 2.0
Explore More
Trending Topics
Disney
NBA
Harry Potter
Marvel
Crossword
Kpop
Anime
Song
Puzzle
The Office
Country
WWE
NFL
Pokémon
Soccer
hide this ad
More By:
MaxLanders
Quiz
Plays
Rating
Category
Featured
Created
Top scorer of Serie A's podium teams since 2000
12,091
4.80
Sports
May 26, 2016
Top scorer of Premier League's podium teams since 2000
8,877
4.78
Sports
Jun 22, 2016
Top 14 teams since the 2001-2002 season (french rugby)
4,672
3.71
Sports
May 23, 2016
Bullet Club members
2,037
2.89
Sports
Jun 18, 2016
PSG losses under QSI era
1,807
4.60
Sports
Jan 8, 2016
Go to Creator's Profile
Score Distribution
Quiz Creator Spotlight
MaxLanders
Follow
Send a Message
Quizzes Created
-
Created Quiz Play Count
-
More By This Creator
Popular Quizzes Today
1
Find the US States - No Outlines Minefield
2
Colored Red Africa Blitz
3
Find the 'City' Movie
4
The Countries of the World
5
5x2 Blitz: Bands
6
Find the Countries of Europe - No Outlines Minefield
7
Find the US States
8
US States
More Sports Quizzes
World Cup Winning Captains
Quiz Lab
Trending Quizzes
Colored Red Europe Blitz I
Colored Red Africa Blitz II
Colored Red Europe Blitz II
Even More Two Season TV Shows
Colored Red Africa Blitz III
Recently Updated
Quick Pick: 20 Twenties
pecheneg
March Madness Men's Triple Doubles
pecheneg
How Do You Spell That?
pecheneg
Godzilla Movies
pecheneg
Grab Bag: 4-10 Letters
pecheneg
2024 March Madness Bracket
pecheneg
Famous TV Couples
Peacemaker
Champions League XIs: Real Madrid
pecheneg
Largest US Cities 1790-2010
pecheneg
Rides in Walt Disney World
pecheneg
Trending Topics
Kpop
Disney
Harry Potter
Anime
Crossword
Marvel
NBA
Song
NFL
WWE
Puzzle
Country
Pokémon
Soccer
The Office
Your Account Isn't Verified!
In order to create a playlist on Sporcle, you need to verify the email address you used during registration. Go to your
Sporcle Settings
to finish the process.
Report this User
Report this user for behavior that violates our
Community Guidelines
.
Details:
Send Report
Go to the Sporcle.com Mobile Site →
Comments